Inovatívne formy financovania podnikov
Bežné a inovatívne formy financovania hospodárskej činnosti podniku. Princíp financovania podnikateľskej činnosti dodatočným vkladom nového investora do základného imania firmy. Rizikový a mezanínový kapitál, alebo business angels.
Guardado en:
| Autor principal: | |
|---|---|
| Formato: | Capítulo de libro |
| Lenguaje: | eslovaco |
| Materias: | |
| Etiquetas: |
Sin Etiquetas, Sea el primero en etiquetar este registro!
|
MARC
| LEADER | 00000naa$a2200000$$$4500 | ||
|---|---|---|---|
| 001 | 0181210 | ||
| 005 | 20240502073115.9 | ||
| 041 | 0 | |a slo | |
| 044 | |a SK | ||
| 245 | 1 | 0 | |a Inovatívne formy financovania podnikov |c Anna Harumová |
| 520 | |a Bežné a inovatívne formy financovania hospodárskej činnosti podniku. Princíp financovania podnikateľskej činnosti dodatočným vkladom nového investora do základného imania firmy. Rizikový a mezanínový kapitál, alebo business angels. | ||
| 610 | 2 | 0 | |a financovanie podnikov |
| 610 | 2 | 0 | |a kapitál vlastný |
| 610 | 2 | 0 | |a kapitál cudzí |
| 610 | 2 | 0 | |a formy financovania |
| 610 | 2 | 0 | |a financovanie mezanínové |
| 610 | 2 | 0 | |a tvorba kapitálu |
| 100 | 1 | |a Harumová, Anna, 1955- | |